The role of ideology in the American Revolution /

Bibliographic Details
Main Author: Howe, John R.
Format: Book
Language:English
Published: New York : Holt, Rinehart and Winston, [1970]
Series:American problem studies.
Subjects:

MARC

Tag First Indicator Second Indicator Subfields
LEADER 00000cam a2200000 a 4500
001 in00000078726
005 20151008053913.0
008 700521s1970 nyu b 00010 engm
010 |a  70104813  
020 |a 003077800X 
035 |a (OCoLC)00072467 
035 |9 AAH9017AM 
040 |a DLC  |c DLC  |d m.c.  |d TXA  |d UtOrBLW 
043 |a n-us--- 
049 |a TXAM  |c [1560775] 
050 0 0 |a E210  |b .H73 
082 0 |a 973.3 
100 1 |a Howe, John R. 
245 1 4 |a The role of ideology in the American Revolution /  |c edited by John R. Howe, Jr. 
264 1 |a New York :  |b Holt, Rinehart and Winston,  |c [1970] 
264 4 |c ©1970 
300 |a 125 pages ;  |c 24 cm. 
336 |a text  |b txt  |2 rdacontent 
337 |a unmediated  |b n  |2 rdamedia 
338 |a volume  |b nc  |2 rdacarrier 
490 1 |a American problem studies 
504 |a Bibliography: pages 122-125. 
505 0 |a The Revolutionary era as an age of politics / Edmund S. Morgan --The rule of law and the American revolution / R.A. Humphreys -- The English libertarian heritage / Caroline Robbins -- Religion as revolutionary ideology / Perry Miller -- Enlightenment thought and the American Revolution / Peter Gay -- John Locke and the liberal consensus / Louis Hartz -- Ideological conflicts: Whigs versus Democrats / Elisha P. Douglass -- The people as constituent power / R.R. Palmer -- Republicanism as a revolutionary ideology / Gordon S. Wood -- The transforming radicalism of the Revolution / Bernard Bailyn -- Rhetoric and reality in the American Revolution / Gordon S. Wood. 
650 0 |a Ideology. 
651 0 |a United States  |x Politics and government  |y 1775-1783. 
830 0 |a American problem studies. 
999 |a MARS 
999 f f |s c49faef9-0e5b-3efc-a8fd-c731a279bab1  |i 387492ac-7e5b-33d3-ada9-711f7f24ed3b  |t 0 
952 f f |p normal  |a Texas A&M University  |b College Station  |c Sterling C. Evans Library  |d Evans: Library Stacks  |t 0  |e E210 .H73  |h Library of Congress classification  |i unmediated -- volume  |m A14806106461 
998 f f |a E210 .H73  |t 0  |l Evans: Library Stacks